Music Quiz

Random Music or Song Quiz

Song Title Overlaps V Quiz Stats

 Plays Quiz Updated Jun 18, 2018

Challenge
Share
Tweet
Embed
Score 0/24 Timer 04:00
1 Play Today
Song Title 1 Overlapping Word % Correct
Candle in the...Wind
97.7%
Who Let the Dogs...Out
97.6%
Don't Worry, Be...Happy
96.5%
Come Out &...Play
94.2%
That's What I...Like
93.8%
London...Bridge
93.4%
Hey Soul...Sister
93.1%
We Built This...City
92.1%
One Day Leads to...Another
90.5%
Just One...Look
89.5%
Thunder...Road
83.3%
867-5309/...Jenny
83.3%
Song Title 1 Overlapping Word % Correct
I Hope You...Dance
82.6%
Harvest...Moon
81.1%
Midnight Train to...Georgia
80.5%
Carefree...Highway
79.9%
Welcome to the...Jungle
79.8%
Tired of Being...Alone
74.4%
I Don't Want to Spoil the...Party
65%
Immigrant...Song
63.9%
I Want...Candy
59.6%
Don't Talk to...Strangers
58.9%
Heart of...Gold
58.2%
Gone Till...November
48.6%

You're not logged in!

Compare scores with friends on all Sporcle quizzes.
Join for Free
OR
Log In

You Might Also Like...

Show Comments

Extras

Top Quizzes Today


Score Distribution

Your Account Isn't Verified!

In order to create a playlist on Sporcle, you need to verify the email address you used during registration. Go to your Sporcle Settings to finish the process.

Report this User

Report this user for behavior that violates our Community Guidelines.

Details: